Essai d'une définition de la vie

Guardat en:
Dades bibliogràfiques
Autor principal: Boyer, Jeanne (Autor)
Format: Llibre
Idioma:francès
Publicat: París Félix Alcan 1939
Col·lecció:Bibliothèque de Philosophie Contemporaine
Matèries:
Etiquetes: Afegir etiqueta
Sense etiquetes, Sigues el primer a etiquetar aquest registre!

MARC

LEADER 00000nam a2200000 a 4500
001 UCZ3973
003 CL-VaPUC
008 951027e19390000FR |||||||||||||||||fre|d
082 0 4 |a 113.8  |b BOY  |2 21 
100 0 |a Boyer, Jeanne  |e author  |9 347828 
245 1 0 |a Essai d'une définition de la vie 
300 |a 142 p 
942 |c BK 
945 |d 19951027 00:00:00  |a lriquelm 
260 |a París  |b Félix Alcan  |c 1939 
650 0 |a Cosmología  |9 269138 
650 7 |a HOMBRE  |2 CL-VaPUC  |9 262149 
650 0 |a Naturaleza humana   |9 308593 
650 0 |a Inteligencia  |9 267038 
650 0 |a Personalidad   |9 307255 
650 0 |a Virtud y vicio  |9 310637 
650 0 |a Conciencia  |9 309452 
650 0 |a Ética  |9 255099 
583 |a last modification  |c 19951027 00:00:00  |k Rodrigo Vera 
490 0 |a Bibliothèque de Philosophie Contemporaine 
999 |c 240412  |d 240410 
952 |0 0  |1 0  |4 0  |6 113_800000000000000_BOY_1939  |7 0  |8 P  |9 252274  |a BIBEDU  |b BIBEDU  |c BIBEDU_PB  |d 2019-11-18  |i 1593285  |o 113.8 BOY 1939  |p 1593285  |r 2024-01-25  |w 2019-11-18  |y BK  |k FIL